000 01091nam a22003257a 4500
003 CHAP
005 20250913062742.0
008 971013s1982 r 00010 d
010 _a58291
011 _a59263
035 _a63421
040 _cCHAP
082 _a631.51
_bU5
100 0 0 _aUnger, Paul W.
_9116163
245 _aPredicting tillage effects on soil physical properties and processes
_b: proceedings of a symposium...
260 _aMadison, Wis. :
_bASA,
_c1982
300 _a198 p.
_b: ilus. ; gráfs.
490 _aSpecial publication
_v; 44
590 _aBATCH-UPD
_b10
_c20130110
_lUCH01
_h0720
590 _aBATCH-UPD
_b10
_c20130410
_lUCH01
_h0404
590 _aBATCH-UPD
_b10
_c20130914
_lUCH01
_h1711
590 _aCONVERSION
_b10
_c20130109
_lUCH01
_h1331
650 1 7 _aLabranza
_xEfecto en suelos
_2
_964305
650 1 4 _aSuelos
_xFísica de.
_9110373
700 0 _aVan Doren, D. M., Jr.
_9117750
830 0 _aSpecial publication
_v; 44
_9109152
901 _aBK
942 _cLIBRO
949 _a631.51 U5
_bBC
_cLIBRO
_d33724000081501
_eLIBRO
_gI.132559
_h68268
_i63421
_mDir
_si
999 _c58291
_d58291